000
00315nam a2200121 a 4500
005
20140414131855.0
008
100901s19uu xx 00 eng d
050
_a
FIL
_b
Si3 2009
100
_a
Matias, Segundo
245
_a
Sikat ang mommy ko!.
260
_a
Manila, Philippines :
_b
Lampara,
_c
2009.
999
_c
110428
_d
110428